000 00882nam a2200265 i 4500
001 7336
003 ES-MaACL
005 20250812055100.0
007 t|
008 901120s1986 xxu ||||1| eng d
020 _a0-300-03358-3
080 _a7.035
080 _a7"18"
080 _a72"18"
245 0 0 _aFrom the classicists to the impressionists
_b: art and architecture in the 19th Century /
_cselected and edited by Elizabeth Gilmore Holt.
260 _aNew Haven ;
_aLondon :
_bYale University Press,
_ccop. 1986.
300 _aXXI, 550 p., 64 p. de lam ;
_c24 cm.
500 _aVolume III of A documentary history of art.
500 _aIndices.
650 1 0 _aArte-
_yS.XIX
_9233576
650 1 4 _aArquitectura-
_yS.XIX.
_910005
700 1 _aHolt, Elizabeth Gilmore.
_964076
852 _aES-MaACL
_jL-14456
_bR.118579
_z. - tela
999 _c7336
_d7336